আধুনিক পাশ্চত্য দর্শনের ইতিহাস / (Record no. 38153)
[ view plain ]
| 000 -LEADER | |
|---|---|
| fixed length control field | 00793nam a22002177a 4500 |
| 001 - CONTROL NUMBER | |
| control field | 38153 |
| 003 - CONTROL NUMBER IDENTIFIER | |
| rucl marc code | BD-RjUL |
| 005 - DATE AND TIME OF LATEST TRANSACTION | |
| control field | 20211209052734.0 |
| 008 - FIXED-LENGTH DATA ELEMENTS--GENERAL INFORMATION | |
| fixed length control field | 150916s1994 bg ||||| |||| 00| 0 ben d |
| 035 ## - SYSTEM CONTROL NUMBER | |
| System control number | (BD-RjUL)38258 |
| 040 ## - CATALOGING SOURCE | |
| Original cataloging agency | BD-RjUL |
| Language of cataloging | ben |
| Transcribing agency | BD-RjUL |
| 041 ## - LANGUAGE CODE | |
| Language code of text/sound track or separate title | ben |
| 082 ## - DEWEY DECIMAL CLASSIFICATION NUMBER | |
| Classification number | 190.903 |
| Author mark and year | TAA 1994 |
| 100 ## - MAIN ENTRY--PERSONAL NAME | |
| Personal name | তালুকদার, আবদুল হাই |
| 9 (RLIN) | 118058 |
| 245 ## - TITLE STATEMENT | |
| Title | আধুনিক পাশ্চত্য দর্শনের ইতিহাস / |
| Statement of responsibility, etc. | আবদুল হাই তালুকদার |
| 260 ## - PUBLICATION, DISTRIBUTION, ETC. (IMPRINT) | |
| Place of publication, distribution, etc. | ঢাকা : |
| Name of publisher, distributor, etc. | লাকী বুক হাউস, |
| Date of publication, distribution, etc. | ১৯৯৪ |
| 300 ## - PHYSICAL DESCRIPTION | |
| Pagination | ১৮৯ পৃ. ; |
| Size | ১৯ সেমি. |
| 504 ## - BIBLIOGRAPHY, ETC. NOTE | |
| Bibliography, etc | Includes bibliography. |
| 650 ## - SUBJECT ADDED ENTRY--TOPICAL TERM | |
| Topical term or geographic name as entry element | Philosophy, Modern |
| General subdivision | History. |
| 9 (RLIN) | 118057 |
| 942 ## - ADDED ENTRY ELEMENTS (KOHA) | |
| Source of classification or shelving scheme | Dewey Decimal Classification |
| Koha item type | Books |
| Lost status | Source of classification or shelving scheme | Damaged status | Not for loan | Collection code | Permanent Location | Current Location | Shelving location | Date acquired | Source of acquisition | Cost, normal purchase price | Total Checkouts | Full call number | Date last seen | Date checked out | Copy number | Koha item type | Total Renewals |
|---|---|---|---|---|---|---|---|---|---|---|---|---|---|---|---|---|---|
| Dewey Decimal Classification | Non-fiction | Central Library, University of Rajshahi | Central Library, University of Rajshahi | General Stacks | 24/02/2000 | Dept. philosophy, RU | 70.00 | 12 | B 190.903 TAA 1994 | 12/04/2023 | 23/03/2023 | C-6 | Books | ||||
| Dewey Decimal Classification | Non-fiction | Central Library, University of Rajshahi | Central Library, University of Rajshahi | 24/02/2000 | Dept. philosophy, RU | 70.00 | 6 | B 190.903 TAA 1994 | 15/01/2024 | 21/12/2023 | C-4 | Books | |||||
| Dewey Decimal Classification | Non-fiction | Central Library, University of Rajshahi | Central Library, University of Rajshahi | 24/02/2000 | রা.বি. দর্শন বিভাগ | 70.00 | 17 | B 190.903 TAA 1994 | 17/04/2025 | 13/03/2025 | C-2 | Books | 1 | ||||
| Dewey Decimal Classification | Non-fiction | Central Library, University of Rajshahi | Central Library, University of Rajshahi | 24/02/2000 | রা.বি. দর্শন বিভাগ | 70.00 | 4 | B 190.903 TAA 1994 | 19/02/2024 | 04/02/2024 | C-3 | Books | |||||
| Dewey Decimal Classification | Non-fiction | Central Library, University of Rajshahi | Central Library, University of Rajshahi | 24/02/2000 | Dept. philosophy, RU | 70.00 | 5 | B 190.903 TAA 1994 | 22/03/2023 | 09/03/2023 | C-5 | Books | |||||
| Dewey Decimal Classification | Not For Loan | Non-fiction | Central Library, University of Rajshahi | Central Library, University of Rajshahi | Reading Room | 21/04/2025 | B 190.903 TAA 1994 | 21/04/2025 | C-1 | Books |